000 00649nam a2200217 a 4500
999 _c9628
_d9628
001 9628
003 BD-JhCC
005 20180321103636.0
008 180321s1963 bg |||| ||a| 000 0 b d
035 _a(BD-JhCC)9628
040 _aBD-JhCC
_dBD-JhCC
041 _aben
082 _a370.92
_bRAY 1963
100 _aরায়, প্রজেশ কুমার
245 _aবুকার ওয়াশিংটন /
_cপ্রজেশ কুমার রায়
260 _aঢাকা:
_bসবুজ লাইব্ররী;
_c1963.
300 _a279 p. :
_c21 cm.
651 _aEducatars
942 _2ddc
_cBK